000 01389nam0a2200325 i 4500
001 RU\NLR\BIBL_A\010580835
005 20241103123625.0
010 _a9785954002645
_9500
021 _aRU
_b2014-84903
_95159
035 _a(NILC)RuMoRGB-007581558
035 _a(NLR Aleph) 010580835
090 _a10460336
_c10460336
100 _a20141229d2014 km y0rusy50 ca
101 0 _arus
102 _aRU
105 _ay|||c||||00yy
200 1 _aБиблиографический указатель некрологов философов, социологов, политологов
_fС. Н. Корсаков
_gРоссийская акад. наук, Ин-т философии
210 _aМосква
_cИнститут философии
_d2014
215 _a150, [1] с.
_d20
606 _aФилософы
_jВоспоминания, записки и т.п
_jБиблиография
_91851530
_3RU\NLR\AUTH\661130315
606 _aСоциологи
_jВоспоминания, записки и т.п
_jБиблиография
_92239514
_3RU\NLR\AUTH\661343883
610 0 _aнекрологи
686 1 _aЮ3(0)-1я1
686 1 _aС51(0)-1я1
700 1 _aКорсаков
_bС. Н.
_f1973-
_gСергей Николаевич
801 0 _aRU
_bРГБ
_c20141112
_gRCR
942 _cBOOK
980 _aNBR